000 00862cam a22002893a 4500
001 12959
003 PGUSA
005 20140828083259.0
008 040720s2004||||xxu|||||s|||||000 1 eng d
040 _aPGUSA
_beng
042 _adc
050 4 _aPR
100 1 _aMarryat, Frederick,
_d1792-1848
245 1 0 _aNewton Forster
_h[electronic resource] /
_cFrederick Marryat
260 _bProject Gutenberg,
_c2004
506 _aPublic domain in the USA.
516 _aElectronic text
653 _aSea stories
653 _aHistorical fiction
653 _aMerchant mariners -- Fiction
653 _aRomantic suspense fiction
653 _aGreat Britain -- History, Naval -- 19th century -- Fiction
653 _aEast India Company -- Fiction
830 0 _aProject Gutenberg
_v12959
856 4 0 _uhttp://www.gutenberg.org/ebooks/12959
942 _cEB
999 _c242214
_d242214